Organic Farming (Record no. 3035)
[ view plain ]
| 000 -LEADER | |
|---|---|
| fixed length control field | 00317nam a22001337a 4500 |
| 001 - ACCESSION NUMBER | |
| ACCESSION NUMBER | 2499 |
| 008 - FIXED-LENGTH DATA ELEMENTS--GENERAL INFORMATION | |
| fixed length control field | 130523b xxu||||| |||| 00| 0 eng d |
| 020 ## - INTERNATIONAL STANDARD BOOK NUMBER | |
| International Standard Book Number | 9788175963450 |
| 082 ## - | |
| Classification number | 631.584 |
| 100 ## - MAIN ENTRY--PERSONAL NAME | |
| Personal name | Veeresh |
| Locally Assigned cutter number (author/editor) | VEE |
| 245 ## - TITLE STATEMENT | |
| Title | Organic Farming |
| Statement of responsibility, etc | G.K.Veeresh |
| 260 ## - PUBLICATION, DISTRIBUTION, ETC. (IMPRINT) | |
| Place of publication, distribution, etc | Ahmedabad |
| Name of publisher, distributor, etc | Foundation |
| Date of publication, distribution, etc | 2006 |
| 942 ## - ADDED ENTRY ELEMENTS (KOHA) | |
| Koha item type | General Books |
| Withdrawn status | Lost status | Source of classification or shelving scheme | Damaged status | Koha normalized classification for sorting | Not for loan | Location (home branch) | Sublocation or collection (holding branch) | Shelving location | Date acquired | Koha issues (times borrowed) | Koha full call number | Piece designation (barcode) | Koha date last seen | Copy number | Price effective from | Koha item type |
|---|---|---|---|---|---|---|---|---|---|---|---|---|---|---|---|---|
| Dewey Decimal Classification | 631_584000000000000 | CUTN Central Library | CUTN Central Library | Medicine, Technology & Management | 23/05/2013 | 631.584 | 2499 | 23/05/2013 | 1 | 23/05/2013 | General Books |
